000 00781nam a2200265 a 4500
001 63111
005 20180714065416.0
008 150630s2004 sp r 000 0 spa d
020 _a978-84-9715-289-1
082 0 _a248
_bEVA
100 1 _aEvagrio
_cde Ponto
_d345? - 399.
245 1 0 _aObras espirituales.
264 1 _aEspaña :
_bEditorial ;
_c1995
300 _a295 páginas ;
_ccm.
336 _atexto
_2rdacontent
337 _asin mediación
_2rdamedia
338 _asin mediación
_2rdamedia
490 0 _aBiblioteca de patrística
_v28
650 4 _aOración
650 4 _aAscetismo
650 4 _aFilosofía cristiana
650 4 _aFilosofía patrísica
700 1 _aGonzález Villanueva, José I.
700 1 _aRubio Sadia, Juan Pablo
_d1972-
999 _c63111
_d63111